000
00333nam a2200145Ia 4500
003
OSt
005
20240319120900.0
008
170523s9999 xx 000 0 und d
020
_a
NA
040
_c
IIMT UNIVERSITY
100
_a
GUPTA J M L
245
0
_a
MATERIAL AND MATERIALS SCIENCE
260
_a
BHARAT BHARTI
942
_2
ddc
_c
02
999
_c
11958
_d
11958